LEADER 03574nam 22007812u 450 001 9910145589403321 005 20170815114608.0 010 $a1-281-32302-0 010 $a9786611323028 010 $a0-470-70436-5 010 $a0-470-75566-0 010 $a0-470-75469-9 035 $a(CKB)1000000000407585 035 $a(EBL)351056 035 $a(OCoLC)476170341 035 $a(SSID)ssj0000136935 035 $a(PQKBManifestationID)11140035 035 $a(PQKBTitleCode)TC0000136935 035 $a(PQKBWorkID)10088410 035 $a(PQKB)11718168 035 $a(EXLCZ)991000000000407585 100 $a20100913d2007|||| u|| | 101 0 $aeng 135 $aur|n|---||||| 181 $ctxt 182 $cc 183 $acr 200 10$aDerivation and Explanation in the Minimalist Program$b[electronic resource] 210 $aChichester $cJohn Wiley & Sons, Ltd.$d2007 215 $a1 online resource (330 p.) 225 1 $aGenerative Syntax 300 $aDescription based upon print version of record. 311 $a0-631-22732-6 327 $aDerivation and Explanation in the Minimalist Program; Contents; ACKNOWLEDGMENTS; LIST OF CONTRIBUTORS; Introduction: On the Quest for Explanation; 1 ON THE STATUS OF REPRESENTATIONS AND DERIVATIONS; 2 ELIMINATING LABELS; 3 RULE APPLICATIONS AS CYCLES IN A LEVEL-FREE SYNTAX; 4 CRASH-PROOF SYNTAX; 5 REPROJECTIONS; 6 PRONOUNS AND THEIR ANTECEDENTS; 7 SCRAMBLING, CASE, AND INTERPRETABILITY; 8 RESUMPTION, SUCCESSIVE CYCLICITY, AND THE LOCALITY OF OPERATIONS; 9 VERY LOCAL A' MOVEMENT IN A ROOT-FIRST DERIVATION; 10 ARGUMENTS FOR A DERIVATIONAL APPROACH TO SYNTACTIC RELATIONS BASED ON CLITICS 327 $a11 ISSUES RELATING TO A DERIVATIONAL THEORY OF BINDINGINDEX; 330 $aDerivation and Explanation in the Minimalist Program presents accessible, cutting edge research on an enduring and fundamental question confronting all linguistic inquiry ? the respective roles of derivation and representation.:.; Presents accessible, cutting edge research on the respective roles of derivation and representation in syntactic inquiry.; Discusses a wide range of phenomena and also includes alternative, representational perspectives.; Features papers by M. Brody, C. Collins, S. Epstein, J. Frampton, S. Gutmann, N. Hornstein, R. Kayne, H. Kitahara, J. McCloskey, N. Richards, D. Se 410 0$aGenerative Syntax 606 $aExplanation (Linguistics) 606 $aGenerative grammar 606 $aGenerative grammar 606 $aMinimalist theory (Linguistics) 606 $aLanguage / Linguistics 606 $aMinimalist theory (Linguistics) 606 $aGenerative grammar 606 $aExplanation (Linguistics) 606 $aLanguages & Literatures$2HILCC 606 $aPhilology & Linguistics$2HILCC 608 $aElectronic books. 615 4$aExplanation (Linguistics). 615 4$aGenerative grammar. 615 4$aGenerative grammar. 615 4$aMinimalist theory (Linguistics). 615 4$aLanguage / Linguistics. 615 0$aMinimalist theory (Linguistics) 615 0$aGenerative grammar 615 0$aExplanation (Linguistics) 615 7$aLanguages & Literatures 615 7$aPhilology & Linguistics 676 $a415 700 $aEpstein$b Samuel$018752 701 $aSeely$b T. D$0896587 801 0$bAU-PeEL 801 1$bAU-PeEL 801 2$bAU-PeEL 906 $aBOOK 912 $a9910145589403321 996 $aDerivation and Explanation in the Minimalist Program$92003153 997 $aUNINA LEADER 00959nam a2200289 i 4500 001 991000530799707536 005 20020509171857.0 008 940830s1987 it ||| | ita 020 $a8877260068 035 $ab11372291-39ule_inst 035 $aPARLA210409$9ExL 040 $aDip.to Filosofia$bita 100 1 $aLonginus$0330739 245 13$aIl sublime /$cPseudo Longino ; a cura di Giovanni Lombardo, postfazione di Harold Bloom 260 $aPalermo :$bAesthetica,$cc1987 300 $a159 p. ;$c21 cm. 490 0 $aAesthetica ;$v16 600 14$aBurke, Edmund 650 4$aEstetica 700 1 $aBloom, Harold 700 1 $aLombardo, Giovanni 907 $a.b11372291$b01-03-17$c01-07-02 912 $a991000530799707536 945 $aLE005 MF 37 E 20$g1$i2005000205576$lle005$o-$pE0.00$q-$rl$s- $t0$u2$v0$w2$x0$y.i11554587$z01-07-02 996 $aSublime$9816207 997 $aUNISALENTO 998 $ale005$b01-01-94$cm$da $e-$fita$git $h3$i1